| 000 | 00783nam a2200241 i 4500 | ||
|---|---|---|---|
| 001 | 15609 | ||
| 003 | ES-MaACL | ||
| 005 | 20250702063034.0 | ||
| 007 | t| | ||
| 008 | 000405s1999 sp ||||1| spa d | ||
| 020 | _a84-7030-661-8 | ||
| 080 | _a929 Wilde, Oscar | ||
| 100 | 0 |
_aHarris, Frank, _d1855-1931 _961912 |
|
| 245 | 1 | 0 |
_aVida y confesiones de Oscar Wilde / _cFrank Harris ; [prólogo de Luis Antonio de Villena]. |
| 260 |
_aMadrid : _bBiblioteca Nueva, _c[1999] |
||
| 300 |
_a396 p. ; _c22 cm. |
||
| 490 | 1 | _aBiblioteca Oscar Wilde | |
| 600 | 1 | 4 |
_aWilde, Oscar- _xBiografías. _9116825 |
| 700 | 1 |
_aVillena, Luis Antonio de, _d1951- _9240059 |
|
| 830 | 0 |
_aBiblioteca Oscar Wilde _9228592 |
|
| 852 |
_aES-MaACL _jL-22705 _bR.128011 |
||
| 999 |
_c15609 _d15609 |
||